000 00508nam a2200169 a 4500
005 20140412111230.0
008 020412s19uu xx 00 eng d
020 _a0-582-91222-9
050 _aTR(GS 793.74
_bF52 1992
100 _aFlatt, John
245 _aTactix book B :
_bcreative problem-solving games for 6-12 years olds /
_cJohn Flatt.
260 _aMission Hills, CA :
_bLongman Cheshire,
_c1992.
300 _a57 p. ; ill.
650 _aProblem solving
650 _aMathematics
999 _c102150
_d102150